00480 2200193 4500001002100000005001500021008004100036020002200077035001900099041000700118082001500125090002100140100002000161245002000181250001000201260003800211300002100249650001600270INLIS00000000000575920241224113148241224||||||||| | ||| |||| || |  a978-979-29-2693-4 0010-1224005759 aid0 a333.1371.3 a333.1371.3 CAH f0 aCahyo Saparinto00aFishpreneurship aED. 1 aYogyakartabLILIY PUBLISHERc2011 a124HLM,;14X21 CM 0aIlmu Sosial